[Event "Online Olym Disabilities final"]
[Site "Tornelo INT"]
[Date "2020.11.30"]
[Round "1.2"]
[White "Kasperczyk, Szymon"]
[Black "Smirnov, Alexey1111"]
[Result "0-1"]
[WhiteElo "1790"]
[BlackElo "2440"]
[PlyCount "82"]
[EventDate "2020.11.29"]
[EventType "team-tourn"]
[EventRounds "3"]
[EventCountry "NET"]
[SourceTitle "CBM 199 Extra"]
[Source "ChessBase"]
[SourceDate "2021.01.31"]
[SourceVersion "1"]
[SourceVersionDate "2021.01.31"]
[SourceQuality "1"]
[WhiteTeam "Poland III"]
[BlackTeam "Russia"]
[WhiteTeamCountry "POL"]
[BlackTeamCountry "RUS"]

1. d4 Nf6 2. Nf3 d5 3. Bf4 c5 4. e3 Nc6 5. c3 Qb6 6. Qb3 c4 7. Qxb6 axb6 8. Na3 Bf5 9. Nb5 Ra5 10. a4 Bc2 11. Ne5 Nxe5 12. Bxe5 Bxa4 13. Bxf6 Bxb5 14. Rxa5 bxa5 15. Be5 f6 16. Bc7 a4 17. Be2 Kd7 18. Bg3 e6 19. Kd2 Be7 20. Ra1 Bc6 21. Bd1 b5 22. f3 Ra8 23. Bc2 h6 24. h3 b4 25. Kc1 b3 26. Bd1 a3 27. bxa3 Bxa3+ 28. Kb1 g5 29. Be1 Kc7 30. Bd2 Be8 31. Bc1 Bg6+ 32. e4 dxe4 33. Rxa3 Rxa3 34. Bxa3 exf3+ 35. Kb2 fxg2 36. d5 g1Q 37. Bc5 Qxd1 38. dxe6 Qd2+ 39. Ka3 Qxc3 40. h4 b2+ 41. Ka4 Be8# 0-1

[Event "Online Olym Disabilities"]
[Site "Tornelo INT"]
[Date "2020.11.24"]
[Round "4.10"]
[White "Kasperczyk, Szymon"]
[Black "Centenaro Erazo, Nicole Daniela"]
[Result "1-0"]
[WhiteElo "1790"]
[BlackElo "1304"]
[PlyCount "119"]
[EventDate "2020.11.21"]
[EventType "team-swiss (rapid)"]
[EventRounds "7"]
[EventCountry "NET"]
[SourceTitle "CBM 199 Extra"]
[Source "ChessBase"]
[SourceDate "2021.01.31"]
[SourceVersion "1"]
[SourceVersionDate "2021.01.31"]
[SourceQuality "1"]
[WhiteTeam "Poland III"]
[BlackTeam "Colombia II"]
[WhiteTeamCountry "POL"]
[BlackTeamCountry "COL"]

1. d4 Nf6 2. Nf3 d5 3. Bf4 e6 4. e3 Bd6 5. Ne5 c5 6. Bb5+ Nbd7 7. 0-0 0-0 8. Nxf7 Rxf7 9. Bxd6 cxd4 10. exd4 Qb6 11. Bxd7 Bxd7 12. Ba3 Rc8 13. c3 Ne4 14. f3 Nd6 15. Nd2 Re8 16. Qb3 Qa6 17. Bxd6 Qxd6 18. a4 Qf4 19. Qd1 Rfe7 20. Nb3 e5 21. dxe5 Rxe5 22. Nd4 Rh5 23. g3 Qe3+ 24. Rf2 Rxh2 25. Qe1 Qxe1+ 26. Rxe1 Rxe1+ 27. Kxh2 Bxa4 28. g4 Bc6 29. Kg3 Kf7 30. Kf4 h6 31. Nf5 a5 32. Nd4 a4 33. Rh2 Ra1 34. g5 hxg5+ 35. Kf5 Ra2 36. Re2 Ra1 37. Kxg5 Rg1+ 38. Kf4 g5+ 39. Kf5 Bd7+ 40. Ke5 Bc6 41. Kd6 Rf1 42. Re3 Kg6 43. Nxc6 bxc6 44. Kxc6 Rf2 45. Kxd5 Rxb2 46. Re6+ Kf5 47. Ra6 Rb3 48. Kd4 Kf4 49. Rf6+ Kg3 50. Rf5 Kh4 51. Kc4 Rb1 52. Kd3 a3 53. Ra5 Ra1 54. c4 a2 55. Kc2 Rf1 56. Rxa2 Rf2+ 57. Kb3 Rxf3+ 58. Kb4 g4 59. c5 g3 60. c6 1-0